|
|
|
|
| LEADER |
00000cab a2200000 a 4500 |
| 001 |
025366 |
| 003 |
UAHC_CL |
| 005 |
20170817145206.0 |
| 008 |
030915b xx j 000 1 eng |
| 952 |
|
|
|0 0
|1 0
|4 0
|6 ANTHROPOLOGY_TODAY19_03_000000000000000
|7 0
|8 General
|9 51479
|a BC
|b BC
|c General
|d 2017-08-03
|l 0
|o ANTHROPOLOGY TODAY-19/03
|p FICTICIO360
|r 2019-01-08 00:00:00
|t 1
|w 2017-08-03
|y REVA
|
| 999 |
|
|
|c 25366
|d 25366
|
| 040 |
|
|
|a UAHC_CL
|c UAHC_CL
|d UAHC_CL
|
| 100 |
1 |
|
|a Rice, Tom
|
| 245 |
1 |
0 |
|a Soundselves :
|b An acoustemology of sound and self in the Edinburgh Royal Infirmary /
|c Tom Rice.
|
| 300 |
|
|
|a [6] p.
|
| 500 |
|
|
|a En: Anthropology today. -- Vol. 19, No. 4 (agosto 2003), pp. 4-9
|
| 900 |
|
|
|a ANTHROPOLOGY TODAY-19/03
|
| 942 |
|
|
|c REVA
|2 ddc
|